00486nam a2200121Ia 4500008004100000245018700041260001900228260000900247300000600256650002600262650001200288856006400300170516s9999 xx 000 0 und d 3aAn Adrenal Incidentaloma: How Often Is It Detected and What Are the Consequences?, E. M. Minnaar, K. E. Human, D. Henneman, C. Y. Nio, P. H. Bisschop, and E. J. M. Nieveen van Dijkum bISRN Radiology c2013 a: xRadiologic Technology xRadtech uhttps://www.hindawi.com/journals/isrn/contents/radiology/2/